| 000 | 00482pab a2200169 454500 | ||
|---|---|---|---|
| 008 | 180718b2014 xxu||||| |||| 00| 0 eng d | ||
| 100 | _aWhiteley, Paul | ||
| 245 | _aDoes citizenship education work? Evidence from a decade of citizenship education in secondary schools in England | ||
| 260 | _c2014 | ||
| 300 | _ap.515-535. | ||
| 362 | _aJul | ||
| 650 | _aSecondary schools | ||
| 650 | _aCivic education | ||
| 773 | _aParliamentary Affairs | ||
| 908 | _aN | ||
| 909 | _a105136 | ||
| 999 |
_c105131 _d105131 |
||